000
00306nam a22001337a 4500
008
170414b xxu||||| |||| 00| 0 eng d
020
_a
139780781769846
041
_a
eng
080
_2
6 ED
_a
618
100
_a
10
101
_a
SHM
245
_a
MAUAL OF NEOTNAL CARE
_c
CLOHERTY.J.P
942
_2
udc
_c
BK
999
_c
10739
_d
10739